00902nam a2200241Ia 450000500170000000800410001702000150005804100080007308200190008110000310010024500760013125000220020730000400022949000240026965100580029365100560035165100720040726400580047933600270053733700330056433800280059704000350062520220316235541.0121119s2002 ck a gr 000 0 spa  a958360089X0 aspa04a986.11 bF14H41 aFals Borda, Orlandod1925-10aHistoria doble de la costa, 4 bretorno a la tierracOrlando Fals Borda aPrimera edición a234 páginasbilustracionesc20 cm0 aMaestros de la sede 4aCosta Atlántica (Colombia) xPolítica y gobierno  4aCosta Atlántica (Colombia) xHistoria ySiglo XIX 4aCosta Atlántica (Colombia) x Vida social y costumbresySiglo XIX aBogotá bEl ÁncorabBanco de la Repúblicac2002 atextobtxt2rdacontent asin mediaciónbn2rdamedia avolumenbnc2rdacarrier aCO-BoRNBPbspaerdacCO-BoRNBP